| 000 | 00431nam a2200133Ia 4500 | ||
|---|---|---|---|
| 008 | 171212s9999 xx 000 0 und d | ||
| 020 | _a9789089647580 | ||
| 100 | _aMcDuie-Ra, Duncan | ||
| 245 |
_cMcDuie-Ra, Duncan _aBorderland Cities in New India _bFrontier to Gateway |
||
| 260 |
_bAmsterdam University Press _c2016 |
||
| 440 | _aAsian Borderlands | ||
| 650 | _aPolitical Science | ||
| 856 | _uhttp://jstor.org/stable/j.ctt1d8hb58 | ||
| 999 |
_c350952 _d350952 |
||